|
|
|
|
| LEADER |
00000nab a2200000 a 4500 |
| 001 |
vtls009165036 |
| 003 |
SK-MaSNL |
| 005 |
20260303190812.0 |
| 008 |
140513c1950 xo |||||| | ||00 b|slo |
| 015 |
|
|
|a SNBRB2007/12
|2 snkbucl
|
| 038 |
|
|
|a SNKBUCL
|
| 040 |
|
|
|a SNKBUCL
|b slo
|c SNKBUCL
|e AACR2
|
| 041 |
0 |
|
|a slo
|
| 044 |
|
|
|a xo
|c SK
|
| 080 |
|
|
|a 811.162.4`373.611
|2 1997
|
| 080 |
|
|
|a 81`373.611:811.162.4
|2 1997
|
| 080 |
|
|
|a 81`367.623:811.162.4
|2 1997
|
| 080 |
|
|
|a 811.162.4`367.623
|2 1997
|
| 100 |
1 |
|
|a Horecký, Ján,
|d 1920-2006
|4 aut
|9 105131
|
| 245 |
1 |
0 |
|a Plniace pero
|c Ján Horecký
|
| 650 |
0 |
7 |
|a slovenčina
|2 snkbucl
|9 1350
|
| 650 |
0 |
7 |
|a zložené pomenovania
|2 snkbucl
|9 1219525
|
| 650 |
0 |
7 |
|a zhodný prívlastok
|2 snkbucl
|9 108179
|
| 650 |
0 |
7 |
|a slovesné prídavné mená
|2 snkbucl
|9 1219526
|
| 650 |
0 |
7 |
|a prídavné mená
|2 snkbucl
|9 1324
|
| 773 |
0 |
|
|t Slovenská reč
|g Roč. XVI, č. 4 (1950/1951), s. 118-121
|
| 852 |
|
|
|a SNK
|b KIS3GCP
|
| 999 |
|
|
|c 2138024
|d 2139954
|